La duchessa /

Gespeichert in:
Bibliographische Detailangaben
1. Verfasser: Portman, Rachel (Komponiert von)
Weitere Verfasser: Cooper, Dominic, (1978-) (Schauspielende), Atwell, Hayley (Schauspielende), Dibb, Saul (Regie), Hatcher, Jeffrey (Drehbuch), Rampling, Charlotte (Schauspielende), Fiennes, Ralph (Schauspielende), Knightley, Keira (Schauspielende), Pados, Gyula (Fotografie), Jensen, Anders Thomas (Drehbuch)
Format: Dia
Sprache:Italienisch
Englisch
Veröffentlicht: [Roma! : BIM : 01 Distribution, 2009
Tags: Tag hinzufügen
Keine Tags, Fügen Sie das erste Tag hinzu!

MARC

LEADER 00000ngm a22000007i 4500
001 IT\ICCU\LO1\1248425
003 ItRI
005 20260124182814.0
008 090529s2009 it |||||||||||||||k|||||c
024 3 1 |a 8032807028408 
040 |b ita 
041 7 |a ita  |a eng  |2 ISO-639-2 
082 |a 791.43  |9 CINEMA  |2 19 
130 4 |a The duchess <film ; 2008>  |3 IT\ICCU\LO1\1248426 
245 0 3 |a La duchessa /  |c un film di Saul Dibb ; sceneggiatura Jeffrey Hatcher, Anders Thomas Jensen e Saul Dibb ; tratto dal romanzo di Amanda Foreman ; fotografia Gyula Pados ; musiche Rachel Portman. 
260 |a [Roma! :  |b BIM :  |b 01 Distribution,  |c 2009 
300 |a 1 DVD (110 min.) :  |b Azione dal vivo, Colore, Suono sul supporto, Stereofonico, Digitale, 625 PAL 
500 |a Caratteristiche tecniche: regione assente; formato video 16/9, 2.35:1; DVD 9; Dolby digital 5.1, 2.0; color 
500 |a Titolo del contenitore 
500 |a Produzione cinematografica Gran Bretagna/Italia/Francia 2008 
500 |a Interpreti: Keira Knightley, Ralph Fiennes, Charlotte Rampling, Dominic Cooper, Hayley Atwell 
500 |a Lingue: italiano, inglese; sottotitoli: italiano 
500 |a Contenuti speciali. 
700 1 |a Cooper, Dominic,  |d  (1978-)  |0 IT\ICCU\BCTV\001581  |4 act 
700 1 |a Atwell, Hayley  |0 IT\ICCU\LO1V\351265  |4 act 
700 1 |a Dibb, Saul  |0 IT\ICCU\LO1V\357596  |4 drt 
700 1 |a Hatcher, Jeffrey  |0 IT\ICCU\PUVV\315387  |4 sce 
700 1 |a Rampling, Charlotte  |0 IT\ICCU\RAVV\089463  |4 act 
700 1 |a Fiennes, Ralph  |0 IT\ICCU\RAVV\099568  |4 act 
700 1 |a Portman, Rachel  |0 IT\ICCU\RAVV\102707  |4 cmp 
700 1 |a Knightley, Keira  |0 IT\ICCU\RAVV\329531  |4 act 
700 1 |a Pados, Gyula  |0 IT\ICCU\UBOV\056145  |4 pht 
700 1 |a Jensen, Anders Thomas  |0 IT\ICCU\UBOV\679851  |4 sce 
790 1 |a Cooper, Dominic  |c  (attore)  |3 IT\ICCU\BCTV\001582  |z Cooper, Dominic (1978-) 
790 1 |a Portman, Rachel Mary Berkeley  |3 IT\ICCU\SBNV\096224  |z Portman, Rachel 
942 |2 ddc  |c VM  |n 0 
952 |0 0  |1 0  |4 0  |6 VO_1702_000000000000000  |7 0  |9 26587  |a BO  |b BO  |d 2026-01-24  |i 13036  |l 0  |o VO 1702  |p BO13036  |r 2026-01-24 18:28:14  |w 2026-01-24  |x [Sebina 5] [1 dvd]  |y VM  |z 1 dvd 
999 |c 22486  |d 22486